| 000 | 01164nac a22002531u 4500 | ||
|---|---|---|---|
| 010 | _a 99013532 | ||
| 020 | _a0415216575 (alk. paper) | ||
| 020 | _a0415179513 (pbk : alk. paper) | ||
| 082 | 0 | 0 |
_a372.6 _bMAL |
| 090 |
_c9340 _d9340 |
||
| 100 | _aMallett, Margaret. | ||
| 245 | 1 | 0 |
_aYoung researchers : _binformational reading and writing in the early and primary years / _cMargaret Mallett. |
| 260 |
_aLondon ; _aNew York : _bRoutledge,c.1999. _cc.1999. |
||
| 300 |
_axv, 196 p. : _bill. ; _c25 cm. |
||
| 500 | _aDistributer: Al-Ahram. | ||
| 504 | _aIncludes bibliographical references (p. [187]-191) and indexes. | ||
| 511 | _aCatalogued By: Mahitab. | ||
| 650 | 0 |
_aReading (Elementary) _zGreat Britain. |
|
| 650 | 0 |
_aReading (Early childhood) _zGreat Britain. |
|
| 650 | 0 |
_aEnglish language _xComposition and exercises _xStudy and teaching (Elementary) _zGreat Britain. |
|
| 650 | 0 |
_aEnglish language _xComposition and exercises _xStudy and teaching (Early childhood) _zGreat Britain. |
|
| 856 | 4 | 2 |
_3Publisher description _uhttp://www.loc.gov/catdir/enhancements/fy0650/99013532-d.html |
| 942 |
_cBB _k372.6MAL |
||
| 999 |
_c9340 _d9340 |
||